[Event "EU-chT U18 Girls"]
[Site "Celje"]
[Date "2016.07.14"]
[Round "5.2"]
[White "Caglar, Sila"]
[Black "Temel, Burcu Melis"]
[Result "1-0"]
[WhiteElo "1898"]
[BlackElo "1923"]
[PlyCount "53"]
[EventDate "2016.07.10"]
[EventType "team-swiss"]
[EventRounds "7"]
[EventCountry "SLO"]
[SourceTitle "CBM 173 Extra"]
[Source "ChessBase"]
[SourceDate "2016.08.29"]
[SourceVersion "1"]
[SourceVersionDate "2016.08.29"]
[SourceQuality "1"]
[WhiteTeam "Turkey U18 Girls III"]
[BlackTeam "Turkey U18 Girls"]
[WhiteTeamCountry "TUR"]
[BlackTeamCountry "TUR"]

1. e4 e5 2. Nf3 Nc6 3. Bb5 a6 4. Ba4 Nf6 5. 0-0 d6 6. Bxc6+ bxc6 7. d4 Qe7 8. Re1 Bg4 9. dxe5 dxe5 10. b3 Rd8 11. Qe2 Bxf3 12. Qxf3 Qb4 13. c3 Qb5 14. Na3 Qd3 15. Qxd3 Rxd3 16. Nc4 Bc5 17. Nxe5 Rxc3 18. Bf4 0-0 19. Re2 Re8 20. Nc4 Rxe4 21. Rxe4 Nxe4 22. Bxc7 Bxf2+ 23. Kf1 Bd4 24. Rd1 c5 25. Be5 Nf2 26. Re1 Rxc4 27. Bxd4 1-0

[Event "EU-chT U18 Girls"]
[Site "Celje"]
[Date "2016.07.12"]
[Round "3.2"]
[White "Antolak, Julia"]
[Black "Temel, Burcu Melis"]
[Result "1-0"]
[WhiteElo "2059"]
[BlackElo "1923"]
[PlyCount "79"]
[EventDate "2016.07.10"]
[EventType "team-swiss"]
[EventRounds "7"]
[EventCountry "SLO"]
[SourceTitle "CBM 173 Extra"]
[Source "ChessBase"]
[SourceDate "2016.08.29"]
[SourceVersion "1"]
[SourceVersionDate "2016.08.29"]
[SourceQuality "1"]
[WhiteTeam "Poland U18 Girls II"]
[BlackTeam "Turkey U18 Girls"]
[WhiteTeamCountry "POL"]
[BlackTeamCountry "TUR"]

1. e4 c5 2. Nf3 e6 3. d4 cxd4 4. Nxd4 Nf6 5. Nc3 Nc6 6. Ndb5 d6 7. Bf4 e5 8. Bg5 a6 9. Na3 Be6 10. Nc4 Be7 11. Bxf6 gxf6 12. Ne3 Qa5 13. Be2 Nd4 14. 0-0 Rc8 15. Bg4 Rxc3 16. bxc3 Qxc3 17. Rb1 b5 18. Bxe6 fxe6 19. Qg4 Kf8 20. Rfd1 h5 21. Qh3 Qc6 22. Kh1 Qxe4 23. c3 Nf5 24. Rb4 Qc6 25. Nxf5 exf5 26. Qxf5 Qxc3 27. Rb3 Qc6 28. Qd3 Rg8 29. f3 Kg7 30. Rc3 Qb6 31. Rdc1 Kh6 32. Qd2+ Kh7 33. Rc6 Qb8 34. Rc7 Rg7 35. Qd3+ Kh6 36. Rc8 Qb6 37. Rh8+ Kg5 38. f4+ exf4 39. h4+ Kxh4 40. Qh3+ 1-0

[Event "EU-ch U16 Girls 25th"]
[Site "Porec"]
[Date "2015.09.30"]
[Round "9"]
[White "Egyed, Judit"]
[Black "Temel, Burcu Melis"]
[Result "1-0"]
[WhiteElo "2037"]
[BlackElo "1851"]
[PlyCount "57"]
[EventDate "2015.09.21"]
[EventType "swiss"]
[EventRounds "9"]
[EventCountry "CRO"]
[SourceTitle "EXT 2016"]
[Source "ChessBase"]
[SourceDate "2015.10.08"]
[SourceVersion "1"]
[SourceVersionDate "2015.10.08"]
[SourceQuality "1"]

1. e4 c5 2. Nf3 e6 3. d4 cxd4 4. Nxd4 Nf6 5. Nc3 Nc6 6. Nxc6 bxc6 7. e5 Nd5 8. Ne4 Qc7 9. f4 Qb6 10. c4 Bb4+ 11. Ke2 Ba6 12. Kf3 f5 13. exf6 Nxf6 14. c5 Qa5 15. Nd6+ Ke7 16. Bxa6 Qxa6 17. Be3 g5 18. f5 g4+ 19. Kf2 Raf8 20. Rf1 g3+ 21. hxg3 Rhg8 22. Bd4 e5 23. a3 Ba5 24. b4 exd4 25. Re1+ Kd8 26. bxa5 Kc7 27. Qxd4 Qxa5 28. Rab1 Rb8 29. Nc4 1-0